<?xml version="1.0" encoding="UTF-8"?>
<record
    xmlns:xsi="http://www.w3.org/2001/XMLSchema-instance"
    xsi:schemaLocation="http://www.loc.gov/MARC21/slim http://www.loc.gov/standards/marcxml/schema/MARC21slim.xsd"
    xmlns="http://www.loc.gov/MARC21/slim">

  <leader>01117nam a2200253 a 4500</leader>
  <controlfield tag="001">000031903</controlfield>
  <controlfield tag="003">DO-SdBNP</controlfield>
  <controlfield tag="005">20230223135432.0</controlfield>
  <controlfield tag="007">ta</controlfield>
  <controlfield tag="008">110707e2000    dr ao  gr     001 0 spa d</controlfield>
  <datafield tag="040" ind1=" " ind2=" ">
    <subfield code="a">DO-SdBNP</subfield>
    <subfield code="b">spa</subfield>
    <subfield code="c">BNPHU</subfield>
  </datafield>
  <datafield tag="082" ind1=" " ind2="4">
    <subfield code="b">G943c</subfield>
    <subfield code="2">22</subfield>
  </datafield>
  <datafield tag="245" ind1="0" ind2="0">
    <subfield code="a">Gu&#xED;a cultural de la Rep&#xFA;blica Dominicana. /</subfield>
    <subfield code="b">Fotograf&#xED;a, Gianfranco Lanzeri</subfield>
  </datafield>
  <datafield tag="250" ind1=" " ind2=" ">
    <subfield code="a">2a ed.</subfield>
  </datafield>
  <datafield tag="260" ind1=" " ind2=" ">
    <subfield code="a">Santo Domingo :</subfield>
    <subfield code="b">SECTUR,</subfield>
    <subfield code="c">2000</subfield>
  </datafield>
  <datafield tag="300" ind1=" " ind2=" ">
    <subfield code="a">[20, (4)] p.  ;</subfield>
    <subfield code="c">18 cm.</subfield>
  </datafield>
  <datafield tag="505" ind1=" " ind2=" ">
    <subfield code="t">Antes del descubrimiento: La cultura ta&#xED;na.--</subfield>
    <subfield code="t">Despu&#xE9;s del descubrimiento: 500 a&#xF1;os.--</subfield>
    <subfield code="t">La m&#xFA;sica por dentro: Cultura del ritmo.--</subfield>
    <subfield code="t">Arte y Artesan&#xED;a.--</subfield>
    <subfield code="t">&#xA1;Carnaval!...Ritual de ritmo y color.--</subfield>
    <subfield code="t">Cultura religiosa.--</subfield>
    <subfield code="t">La cocina dominicana.--</subfield>
    <subfield code="t">Museos de la Rep&#xFA;blica Dominicana.--</subfield>
    <subfield code="t">Calendario de d&#xED;as feriados y festivales.</subfield>
  </datafield>
  <datafield tag="590" ind1=" " ind2=" ">
    <subfield code="a">Inventariado 2023 / MF</subfield>
  </datafield>
  <datafield tag="650" ind1=" " ind2="4">
    <subfield code="9">82555</subfield>
    <subfield code="a">Turismo</subfield>
    <subfield code="x">Gu&#xED;as</subfield>
    <subfield code="z">Rep&#xFA;blica Dominicana</subfield>
  </datafield>
  <datafield tag="650" ind1=" " ind2="4">
    <subfield code="9">82379</subfield>
    <subfield code="a">Turismo</subfield>
    <subfield code="x">Rep&#xFA;blica Dominicana</subfield>
  </datafield>
  <datafield tag="700" ind1="1" ind2=" ">
    <subfield code="a">Lanzeri, Gianfranco </subfield>
    <subfield code="e">il.</subfield>
    <subfield code="9">83146</subfield>
  </datafield>
  <datafield tag="710" ind1="2" ind2=" ">
    <subfield code="9">42466</subfield>
    <subfield code="a">Secretar&#xED;a de Estado de Turismo (Rep&#xFA;blica Dominicana)</subfield>
  </datafield>
  <datafield tag="942" ind1=" " ind2=" ">
    <subfield code="2">ddc</subfield>
    <subfield code="c">LF2</subfield>
  </datafield>
  <datafield tag="952" ind1=" " ind2=" ">
    <subfield code="0">0</subfield>
    <subfield code="1">0</subfield>
    <subfield code="2">ddc</subfield>
    <subfield code="5">1</subfield>
    <subfield code="7">0</subfield>
    <subfield code="8">PD</subfield>
    <subfield code="a">BNPHU</subfield>
    <subfield code="b">BNPHU</subfield>
    <subfield code="c">CT</subfield>
    <subfield code="d">2011-07-07</subfield>
    <subfield code="o">G943c</subfield>
    <subfield code="p">31903-10</subfield>
    <subfield code="r">2020-06-25</subfield>
    <subfield code="w">2020-06-25</subfield>
    <subfield code="y">LF2</subfield>
  </datafield>
  <datafield tag="952" ind1=" " ind2=" ">
    <subfield code="0">0</subfield>
    <subfield code="1">0</subfield>
    <subfield code="2">ddc</subfield>
    <subfield code="5">1</subfield>
    <subfield code="7">0</subfield>
    <subfield code="8">PD</subfield>
    <subfield code="a">BNPHU</subfield>
    <subfield code="b">BNPHU</subfield>
    <subfield code="c">CT</subfield>
    <subfield code="d">2016-03-09</subfield>
    <subfield code="e">Donado por Inesdyc</subfield>
    <subfield code="o">G943c</subfield>
    <subfield code="p">2023-1088</subfield>
    <subfield code="r">2023-02-23</subfield>
    <subfield code="t">e.2</subfield>
    <subfield code="w">2023-02-23</subfield>
    <subfield code="y">LF2</subfield>
  </datafield>
  <datafield tag="999" ind1=" " ind2=" ">
    <subfield code="c">31394</subfield>
    <subfield code="d">31394</subfield>
  </datafield>
</record>
